The Oresteia of Aeschylus Volume I

Bibliographic Details
Main Author: Aischylos, 525-456 pred Kr (Author)
Other Authors: Thomson, George Derwent, 1903-1987 (Editor), Headlam, Walter (Editor)
Format: Book
Language:English
Greek, Ancient (to 1453)
PhysicalDescription:277 s. 25 cm
Published: Prague Academia 1966
Edition:2., new edition revised and enlarged
Subjects:

MARC

LEADER 00000nam a2200000 a 4500
001 vtls001166930
003 SK-MaSNL
005 20260301154118.0
008 250414s1966 xr 00000 eng
035 |a SNK000109910 
040 |a SNK  |b slo  |c SNK  |e AACR2 
041 0 |a eng  |a grc  |h grc 
044 |a xr  |c CZ 
072 7 |a 792  |x Divadlo. Divadelné predstavenia  |2 konspekt 
080 |a 792.032(37/38)  |2 2011 
080 |a (0:82-21)  |2 2011 
080 |a (048.8)  |2 2011 
100 0 |a Aischylos,  |d 525-456 pred Kr.  |4 aut  |9 154344 
245 1 4 |a The Oresteia of Aeschylus  |n Volume I  |c Aeschylus ; edited with an introduction and commentary [k řec. orig.] in which is included the work of the late Walter Headlam by George Thomson 
250 |a 2., new edition revised and enlarged 
260 |a Prague  |b Academia  |c 1966 
300 |a 277 s.  |c 25 cm 
500 |a Viaz. 
504 |a Obsah. bibliograf. odkz. 
600 1 7 |a Aischylos,  |d 525-456 pred Kr.  |2 SNKMA  |9 154344 
650 0 7 |a antické divadlo  |2 SNKPH  |9 236454 
650 0 7 |a Ancient theater  |2 SNKPHeng  |9 423007 
655 7 |a grécke tragédie  |2 SNKPH  |9 516558 
655 7 |a tragédie  |2 SNKPH  |9 74384 
655 7 |a štúdie  |2 SNKPH  |9 57033 
655 7 |a Tragedies  |2 SNKPHeng  |9 345440 
655 7 |a Studies  |2 SNKPHeng  |9 265573 
700 1 |a Thomson, George Derwent,  |d 1903-1987  |4 edt  |9 391601 
700 1 |a Headlam, Walter  |4 edt  |9 516559 
852 |a Slovenská národná knižnica 
954 |a tragédie grécke antické 
958 |a OND 
999 |c 795673  |d 797603 
952 |t P60, <04>, [BOOK], {604}  |a SNK  |b SNK  |y VYP  |7 0  |p 17A0215042  |o snkIC 40604/1  |0 0  |1 0  |4 0  |d 1999-10-18  |l 1  |m 1  |r 2026-03-09 12:05:56  |s 2026-02-28  |w 2026-02-24